00645 a2200193 4500010001400000020002300014035001300037037001800050082001100068100001900079245009000098260004700188270009200235300003000327500004000357650001000397651002300407700002100430 aENG-85329 a8186803424c200.00 aEN-68862 bD.B.Act / Pub14a320.011 aDas, Hari Hara1 aPolitical theorycby Hari Hara Das and B. C. Choudhurybtraditional and modern theory aNew DelhibNational Publishing Housec2005 a23, DaryaganjbNew Delhie110 002k011-23274161, 011-23275267mklmalik@mantraonline.com axiv, 497 p.c21 cm (Pbk.) aIncludes bibliographical reference xIndia xPolitiocal Science1 aChoudhury, B. C.